000 00407nam a2200181Ia 4500
001 9964
005 20260306161757.0
008 260306t2012||||xx |||||||||||||| ||spa||
041 _aESP
082 _aPE 869.56
_bCH517
100 _aChanove, Oswaldo
_eAUT
245 0 _aObra reunida:
_bpoesía y prosa
260 _c2012
300 _a
_c
650 _aGEN
654 _aCHU
942 _cLIB
_dJUS
_fJUS
_2ddc
_n
999 _c9964
_d9964